000 00682nam a2200229 a 4500
999 _c1079
_d1079
001 1079
003 BD-JhCC
005 20171015160329.0
008 171014s2012 bg |||| ||a| 000 0 ben d
020 _a9789848892381
035 _a(BD-JhCC)1079
040 _aBD-JhCC
_dBD-JhCC
041 _aben
082 _a891.4409
_bGRA 2012
245 _aগ্রামসি পরিচয় ও তৎপরতা /
_cফকরুল চৌধুরী
260 _aঢাকা :
_bসংবেদ প্রকাশন,
_c2012
300 _a321 p.;
_c24 cm.
650 _aBengali Literature
700 _aচৌধুরী, ফকরুল
942 _2ddc
_cBK